000 00931nam a2200301Ia 4500
001 Para_7120
003 CHAP
008 220125s1984 xx 000 0 und d
010 _a206006
040 _cCHAP
090 _aPA FOLLETO 3055 (1984)
100 _aVillareal, R.
_9172144
245 _aTrigos harineros semienanos :
_b nombres, progenitores, genealogía, origen /
_c por R. Villareal y S. Rajaram
260 _aEl Batán, Méx. :
_b CIMMYT
300 _a37 p.
650 _aTrigo
_x genética
_9115030
650 _aTrigo
_x híbridos
_9115039
650 _aTrigo
_x selección masal
_9115096
700 _aRajaram, Sanjaya
_993772
710 _aCentro Internacional de Mejoramiento de Maíz y Trigo
_921207
901 _aPA FOLLETO 3055 (1984)
902 _aA
905 _a0000001984 i 0000000000 00
910 _a1984
942 _cPARA
942 _cPARA
_d1
999 _c206006
_d206006